Krajina s dvoma tvárami

Dve tváre Švédska. Geografická charakteristika Norlandu. Turistický ruch.

Guardado en:
Detalles Bibliográficos
Autor principal: Polakovič, Ivan
Formato: Capítulo de libro
Lenguaje:eslovaco
Materias:
Etiquetas: Agregar Etiqueta
Sin Etiquetas, Sea el primero en etiquetar este registro!

MARC

LEADER 00000naa a2200000 4500
001 r049299
005 20230920090632.7
041 0 |a slo 
044 |a SK 
245 1 0 |a Krajina s dvoma tvárami  |c Ivan Polakovič 
520 |a Dve tváre Švédska. Geografická charakteristika Norlandu. Turistický ruch. 
610 2 0 |a ruch cestovný 
610 2 0 |a Švédsko 
610 2 0 |a demografia 
610 2 0 |a geografia 
610 2 0 |a podnebie 
100 1 |a Polakovič, Ivan